[Event "Grand Prix Moscow 2019"]
[Site "Moscow"]
[Date "2019.05.22"]
[Round "2.4"]
[White "Nepomniachtchi, Ian"]
[Black "Wei, Yi"]
[Result "1-0"]
[WhiteElo "2773"]
[BlackElo "2736"]
[Annotator "TA"]
[PlyCount "88"]
[EventDate "2019.05.17"]
[EventType "k.o."]
[EventCountry "RUS"]
[SourceTitle "playchess.com"]
[Source "ChessBase"]
[SourceQuality "1"]

{[%evp 16,88,15,18,14,14,30,0,0,1,13,0,15,4,14,29,53,7,17,17,82,30,76,73,68,71,256,261,282,274,279,290,278,284,288,282,270,266,260,265,322,319,335,307,314,190,372,361,354,314,369,334,473,467,652,540,530,530,654,568,689,582,750,750,750,749,635,727,743,745,739,737,736,719,639]} 1. e4 c6 2. Nf3 d5 3. Nc3 g6 4. d4 Bg7 5. h3 dxe4 6. Nxe4 Nf6 7. Nxf6+ exf6 8. Bc4 O-O 9. O-O a5 {B15: Caro-Kann: 3 Nc3: 3...g6 and 3...dxe4 4 Nxe4 Nf6 5 Nxf6+ exf6} 10. a4 Nd7 {[%cal Bb8d7,Bd7b6,Bb6d5][%mdl 32]} 11. Bf4 Nb6 {The position is equal.} 12. Bb3 Nd5 13. Bh2 Be6 14. Re1 h5 15. Nd2 f5 16. c3 Bh6 {[#]} 17. Nc4 $146 ({Predecessor:} 17. Be5) 17... f4 (17... Bf4 $11) 18. Ne5 (18. Qf3 $16) 18... Qg5 19. Qf3 Rae8 20. Re2 f6 $2 {[#]} (20... Kg7 $16) 21. h4 $1 $18 {[%cal Rh4g5][%mdl 512]} Qf5 (21... Qxh4 22. Nxg6) 22. Bc2 Qxc2 23. Rxc2 fxe5 24. dxe5 Bg4 25. Qd3 Bf5 26. Qd1 Bxc2 27. Qxc2 Re6 28. Re1 Bg7 29. c4 Nb4 30. Qd2 {And now Qd7 would win.} Rxe5 $2 (30... Bxe5 31. Qd7 Rfe8) 31. Rxe5 Bxe5 32. g3 fxg3 33. Bxg3 Bxg3 (33... Bf6 $142 34. Qh6 Kf7 35. Qh7+ Bg7) 34. fxg3 {[%mdl 4096] Endgame KQ-KRN. White is clearly winning.} c5 35. Qd7 Rf7 36. Qd8+ Kg7 37. Qxa5 Na6 38. Qb6 Kh7 39. Kg2 Kh6 40. a5 Kh7 41. Qd6 Kg7 {[#]} 42. g4 $1 hxg4 43. Kg3 Kh7 44. Kxg4 Kg7 {Accuracy: White = 74%, Black = 33%.} 1-0

[Event "Grand Prix Moscow 2019"]
[Site "Moscow"]
[Date "2019.05.22"]
[Round "2.4"]
[White "Grischuk, Alexander"]
[Black "So, Wesley"]
[Result "1-0"]
[WhiteElo "2772"]
[BlackElo "2754"]
[Annotator "TA"]
[PlyCount "121"]
[EventDate "2019.05.17"]
[EventType "k.o."]
[EventCountry "RUS"]
[SourceTitle "playchess.com"]
[Source "ChessBase"]
[SourceQuality "1"]

{[%evp 13,121,27,33,16,35,17,21,31,52,30,35,47,39,35,33,26,32,15,20,17,10,12,48,49,46,41,47,47,50,49,50,47,43,34,34,34,37,41,42,42,52,41,42,32,35,36,88,80,109,47,34,45,70,67,100,100,92,85,91,88,102,96,100,102,154,152,190,156,173,170,178,189,161,168,175,164,211,97,95,77,87,80,80,80,83,80,164,164,160,156,787,767,1287,1254,29974,29975,29974,29976,29976,29977,29977,29978,29977,29978,29978,29979,29980,29981,29982,29983]} 1. d4 Nf6 2. c4 e6 3. Nf3 d5 4. Nc3 c5 5. cxd5 cxd4 6. Qxd4 exd5 7. e4 Nc6 8. Bb5 {[%cal Re4d5] D41: Queen's Gambit Declined: Semi-Tarrasch with 5 cxd5} dxe4 9. Qxd8+ Kxd8 10. Ng5 {The position is equal.} Be6 11. Nxe6+ (11. O-O {is more complex.} h6 12. Ngxe4 Nxe4 13. Nxe4 Ke8 14. Be3) (11. O-O Bb4 12. Ncxe4 Nxe4 13. Nxe4 Ke7 14. Bxc6 bxc6 15. Be3 Bd5 {1-0 (51) Mamedyarov,S (2808)-So,W (2778) Paris 2018}) 11... fxe6 12. Bxc6 bxc6 13. Ke2 Bb4 {[#]} 14. Na4 $146 ({Predecessor:} 14. Rd1+ Ke7 {1-0 (34) Can,E (2547)-Giulian,P (2136) Biel 2015}) 14... Ke7 15. Rd1 Rhd8 16. Rxd8 Rxd8 17. Be3 Ra8 18. Rc1 Kd7 19. Rc4 Bd6 20. b3 Nd5 21. Rxe4 Nxe3 22. Kxe3 $14 {[%mdl 4096] Endgame KRB-KRN} Rf8 23. h3 Rf5 24. Ke2 h5 25. Nb2 Bc5 26. Nd3 Kd6 27. h4 Bb6 28. g3 Ra5 29. a4 {[%cal Ba2a4,Ba4a5][%mdl 32]} g5 ({Black should play} 29... Rf5 $14) 30. b4 $16 Rd5 31. hxg5 (31. a5 $1 $16 {[%cal Ra5b6]} Bd8 32. Nc5) 31... Rxg5 $14 32. a5 Bc7 33. Nc5 e5 34. Re3 Rg4 35. Ne4+ Ke7 36. f3 Rg6 37. Rc3 Kd7 38. Rc1 Bd6 (38... Bd8 $142) 39. Rd1 $16 Kc7 40. Nxd6 Rxd6 $18 {KR-KR} 41. Rh1 Rg6 42. Rxh5 Rxg3 43. Rxe5 Kd6 {[#]} 44. Re4 $1 Rg5 45. Rc4 (45. Rd4+ $18 Ke6 46. Rg4) 45... Rg1 $16 46. Ke3 Kd5 47. Rc5+ Kd6 48. Ke4 Re1+ 49. Kf5 Rb1 (49... Re8 $16 {was called for.}) 50. Rc4 $18 Kd5 {[#]} 51. Re4 $1 c5 $2 (51... Rb2 $16 52. Re7 a6) 52. Re5+ Kd4 53. bxc5 {[%cal Bb4c5,Bc5c6,Bc6c7][%mdl 32]} Rb5 54. f4 {White mates.} Rxa5 55. Ke6 Ra6+ 56. Kd7 Rf6 57. c6 Rxf4 58. Ra5 Rf7+ 59. Kc8 Kc4 60. c7 Kb4 61. Rxa7 {Accuracy: White = 72%, Black = 61%.} 1-0

[Event "Grand Prix Moscow 2019"]
[Site "Moscow"]
[Date "2019.05.22"]
[Round "2.4"]
[White "Nakamura, Hikaru"]
[Black "Dubov, Daniil"]
[Result "1/2-1/2"]
[WhiteElo "2761"]
[BlackElo "2690"]
[Annotator "TA"]
[PlyCount "95"]
[EventDate "2019.05.17"]
[EventType "k.o."]
[EventCountry "RUS"]
[SourceTitle "playchess.com"]
[Source "ChessBase"]
[SourceQuality "1"]

{[%evp 14,95,34,32,45,38,87,55,78,77,86,65,87,72,90,79,118,125,107,106,133,131,138,95,122,130,125,112,139,122,146,155,154,146,154,166,156,155,246,235,288,215,222,197,200,204,241,241,243,243,243,243,243,241,243,222,222,215,222,222,237,233,224,215,215,206,237,215,215,215,215,215,215,215,215,215,215,215,215,0,215,0,208,0]} 1. c4 e5 2. g3 Nf6 3. Nc3 Bb4 4. Bg2 Nc6 5. Nf3 Bxc3 6. bxc3 O-O 7. O-O e4 8. Nd4 Ne5 {A29: English Opening: Four Knights Variation with 4 g3} 9. d3 c5 10. Nc2 exd3 {White is slightly better.} 11. exd3 d5 12. Bf4 Ng6 13. Be3 $146 ({Predecessor:} 13. Bg5 h6 14. Be3 b6 15. d4 Ba6 16. dxc5 Bxc4 {0-1 (71) Roiz,M (2658)-Najer,E (2663) Netanya 2009}) 13... Bg4 14. f3 Bf5 15. Bxc5 {Hoping for Ne3.} dxc4 16. Bxf8 Nxf8 17. Rf2 Bxd3 18. Bf1 Ne6 19. Bxd3 cxd3 20. Ne1 Nc5 21. Rd2 Nd5 22. Nxd3 Nxc3 23. Qe1 Nxd3 24. Qe3 Qf6 {[#] And now ...Ne5 would win.} 25. Qxd3 $40 {[%mdl 128] White has strong attack.} b5 (25... Ne4 $16 26. Rdd1 Nc5) 26. Re1 h5 27. a3 a5 28. Qd4 Qxd4+ 29. Rxd4 $18 {[%mdl 4096] Endgame KRR-KRN} Rb8 30. Re7 b4 {[#]} 31. axb4 $1 axb4 {aiming for ...b3.} 32. Rdd7 Rf8 33. Rb7 Nd5 34. Red7 Nf6 35. Rd2 Rc8 36. Rxb4 Rc3 37. Kg2 g6 38. h3 Kg7 39. Rb7 Ra3 40. h4 Ra4 41. Kf2 Rc4 42. Ra2 {Strongly threatening Raa7.} Ng8 43. Rba7 Nh6 44. R7a4 Rc3 45. R4a3 Rc4 46. Ra4 Rc3 47. R4a3 Rc4 48. Ra4 $2 {Accuracy: White = 75%, Black = 57%.} (48. Kg2 $18) 1/2-1/2

[Event "Grand Prix Moscow 2019"]
[Site "Moscow"]
[Date "2019.05.23"]
[Round "3.1"]
[White "Nepomniachtchi, Ian"]
[Black "Wojtaszek, Radoslaw"]
[Result "1/2-1/2"]
[WhiteElo "2773"]
[BlackElo "2724"]
[Annotator "TA"]
[PlyCount "51"]
[EventDate "2019.05.17"]
[EventType "k.o."]
[EventCountry "RUS"]
[SourceTitle "playchess.com"]
[Source "ChessBase"]
[SourceQuality "1"]

{[%evp 15,51,7,17,8,22,27,0,4,0,0,16,0,0,0,1,0,5,10,15,9,16,16,16,10,11,10,14,14,14,14,14,8,18,8,17,0,34,0]} 1. e4 c5 2. Nf3 d6 3. d4 cxd4 4. Nxd4 Nf6 5. Nc3 a6 6. Bd3 e5 7. Nde2 Be7 8. O-O O-O 9. Ng3 {B90: Sicilian Najdorf: Unusual White 6th moves, 6 Be3 Ng4 and 6 Be3 e5} Be6 10. Nd5 Bxd5 11. exd5 {The position is equal.} g6 12. c4 Nbd7 13. Bh6 Re8 14. Rc1 {[#]} Nc5 $146 ({Predecessor:} 14... Bf8 15. Bg5 h6 16. Bd2 a5 {1-0 (43) Anand,V (2774)-Keymer,V (2516) Karlsruhe/Baden Baden 2019}) 15. Bb1 a5 16. b3 Rb8 17. f4 exf4 18. Bxf4 b5 19. Qf3 bxc4 20. Rxc4 Rb4 21. Bd2 Rxc4 22. bxc4 {[#] Hoping for Bc3.} Ncd7 23. Bc3 $1 {And now Ne4 would win.} Qb6+ $1 24. Kh1 $1 {Threatens to win with Ne4.} Rf8 $1 25. Qf4 Bd8 26. h3 {Accuracy: White = 86%, Black = 64%.} 1/2-1/2

[Event "Grand Prix Moscow 2019"]
[Site "Moscow"]
[Date "2019.05.23"]
[Round "3.1"]
[White "Nakamura, Hikaru"]
[Black "Grischuk, Alexander"]
[Result "1/2-1/2"]
[WhiteElo "2761"]
[BlackElo "2772"]
[Annotator "TA"]
[PlyCount "70"]
[EventDate "2019.05.17"]
[EventType "k.o."]
[EventCountry "RUS"]
[SourceTitle "playchess.com"]
[Source "ChessBase"]
[SourceQuality "1"]

{[%evp 11,70,18,20,19,36,17,22,16,20,18,31,2,5,0,0,2,9,0,0,0,0,0,0,0,0,14,10,5,21,19,16,0,0,0,0,0,0,0,0,0,0,0,0,0,0,-2,0,-9,-16,-10,-9,-54,-45,-50,-38,-66,-9,-41,-20,-19,-28]} 1. e4 e5 2. Nf3 Nc6 3. Bc4 Nf6 4. d3 Bc5 5. O-O d6 6. c3 a6 7. a4 {C54: Giuoco Piano: 4 c3 Nf6, main lines with 5 d4 and 5 d3} Ba7 8. Re1 O-O 9. h3 h6 10. Nbd2 Re8 11. Qb3 Qe7 12. a5 b5 $146 ({Predecessor:} 12... Rb8 13. Nf1 Be6 14. Be3 Bxc4 15. Qxc4 Qd7 {1-0 (81) Fedoseev,V (2703)-Negi,P (2670) Khanty-Mansiysk 2017}) 13. axb6 $1 cxb6 14. Bd5 Qc7 15. Qc4 Bb7 16. Bxc6 Bxc6 17. Rxa6 Qb7 18. Ra3 b5 19. Qb3 Rac8 20. Qa2 Bb6 21. b4 d5 {[%cal Rd5e4]} 22. Qc2 Re6 23. Nh4 Nh5 24. Nb3 dxe4 25. dxe4 Nf6 {[%cal Rc6e4]} 26. Nd2 {[%cal Bb3d2,Bd2f1,Bf1g3][%mdl 32]} Rd8 27. Nhf3 Rc8 28. Bb2 Qe7 29. c4 bxc4 30. Qxc4 Nh5 31. Nf1 Nf4 {[%mdl 1024] [#] ...Bd7 is the strong threat. Black has compensation.} 32. Ng3 $1 Qe8 33. Rc1 Rd8 (33... Kh7 $15) 34. Qc2 $11 Bb5 {White must now prevent ...Nd3.} 35. Rd1 $1 Rc8 {Accuracy: White = 63%, Black = 71%.} 1/2-1/2

[Event "Grand Prix Moscow 2019"]
[Site "Moscow"]
[Date "2019.05.24"]
[Round "3.2"]
[White "Grischuk, Alexander"]
[Black "Nakamura, Hikaru"]
[Result "1-0"]
[WhiteElo "2772"]
[BlackElo "2761"]
[Annotator "TA"]
[PlyCount "107"]
[EventDate "2019.05.17"]
[EventType "k.o."]
[EventCountry "RUS"]
[SourceTitle "playchess.com"]
[Source "ChessBase"]
[SourceQuality "1"]

{[%evp 13,107,1,8,17,21,22,26,19,12,16,16,16,28,22,28,28,28,24,30,23,23,19,21,31,27,33,25,0,18,0,28,0,0,0,6,0,7,-3,30,0,28,34,28,29,45,41,59,27,91,37,112,72,98,108,121,113,109,39,262,261,270,264,458,453,473,458,479,473,468,465,465,481,454,462,464,438,534,512,438,387,550,529,522,526,618,633,774,769,796,808,875,898,1285,1131,1299,1169]} 1. d4 Nf6 2. c4 e6 3. Nf3 ({Predecessor:} 3. g3 d5 {0-1 (23) Helbich,J (2515)-Kupsys,A (2543) ICCF email 2011}) 3... d5 4. g3 Be7 5. Bg2 O-O 6. O-O dxc4 7. Qc2 b5 8. a4 {E05: Open Catalan: 5 Nf3 Be7} b4 9. Nfd2 c6 10. Nxc4 {White has an edge.} Qxd4 11. Rd1 Qc5 12. Be3 $146 (12. b3 Ba6 13. Nbd2 Nbd7 14. Bb2 Rad8 15. e3 Qh5 {0-1 (38) Maghsoodloo,P (2688)-Nakamura,H (2746) St Petersburg 2018}) 12... Qh5 13. Nbd2 {[%cal Bb1d2,Bd2f3,Bf3d4][%mdl 32]} Ng4 14. Nf3 Nxe3 15. Nxe3 a5 16. Nd4 Ba6 17. Rac1 Rc8 18. Bf3 Qg6 19. Be4 (19. Bxc6 Nxc6 20. Nxc6 Bf6 $15) 19... Qh5 20. Bf3 Qg6 21. Be4 ({Much worse is} 21. Bxc6 Nxc6 22. Nxc6 Bf6 $17) 21... Qh5 22. Kg2 Ra7 23. h4 g6 24. f4 Qh6 25. Nb3 Kh8 26. Bd3 Bb7 27. Nc4 c5+ 28. Be4 Ba6 29. Nbxa5 Qf8 30. Bf3 (30. Nb6 $5 {[%cal Rb6c8]}) 30... Rd8 (30... Bd8 $11) 31. h5 (31. Ne5 $16) 31... Bf6 (31... g5 $14) 32. Rxd8 Qxd8 33. Rd1 $36 {[%mdl 2048] White is in control.} Rd7 {[#]} 34. Rxd7 $1 Nxd7 35. h6 (35. Qe4 $16) 35... Nb6 $2 (35... Kg8 $1 $14) 36. Ne5 $18 Bxe5 {[#]} 37. Nc6 $1 {[%cal Rc6d8]} Nc4 $2 (37... Qf8 {is a better defense.}) 38. Nxd8 {White threatens Qe4 and mate.} Ne3+ 39. Kf2 Nxc2 40. Nxf7+ {[%mdl 64] Double Attack} ({Weaker is} 40. fxe5 c4 $18) 40... Kg8 41. Nxe5 {[%mdl 4096] Endgame KBN-KBN} c4 42. Bg4 Nd4 43. Ke1 Kf8 {If only Black now had time for ...c3....} 44. Kd1 Ke7 45. e3 Nb3 46. Nc6+ Kf6 (46... Kd6 $142 47. Nxb4 Bb7) 47. Nxb4 {White is clearly winning.} Bb7 48. Be2 Na5 49. Kd2 Nb3+ 50. Kc3 Nc5 51. a5 Ne4+ 52. Kxc4 Nxg3 53. Bd3 g5 54. fxg5+ {Accuracy: White = 64%, Black = 45%.} 1-0

[Event "Grand Prix Moscow 2019"]
[Site "Moscow"]
[Date "2019.05.24"]
[Round "3.2"]
[White "Wojtaszek, Radoslaw"]
[Black "Nepomniachtchi, Ian"]
[Result "1/2-1/2"]
[WhiteElo "2724"]
[BlackElo "2773"]
[Annotator "TA"]
[PlyCount "43"]
[EventDate "2019.05.17"]
[EventType "k.o."]
[EventCountry "RUS"]
[SourceTitle "playchess.com"]
[Source "ChessBase"]
[SourceQuality "1"]

{[%evp 18,43,22,11,14,16,28,32,14,9,14,6,6,11,8,11,14,-10,0,0,0,0,0,-8,0,0,0,0]} 1. d4 Nf6 2. c4 g6 3. Nf3 Bg7 4. e3 O-O 5. Be2 d6 6. Nc3 Nbd7 7. O-O e5 8. b4 Re8 9. Bb2 exd4 10. Nxd4 a5 {E61: King's Indian: Early deviations for White, including Smyslov System} (10... Ne5 11. Qb3 Bg4 12. f3 Bd7 13. Rad1 Nc6 14. Nc2 Nh5 15. Nd5 Bxb2 16. Qxb2 Ne7 17. Nc3 a5 18. b5 Nc8 {1-0 (42) Lysyj,I (2624)-Levin,E (2512) St Petersburg 2012}) 11. a3 Ne5 12. Qb3 Bg4 {White is slightly better.} 13. Rad1 $146 {The position is equal.} ({Predecessor:} 13. f3 Bd7 14. b5 Qe7 15. Rad1 Bc8 16. e4 Ned7 17. Qc2 Nc5 18. Bc1 {½-½ (34) Mueller,D (2303)-Ferre Perez,A (2161) ICCF email 2017}) 13... axb4 14. axb4 Bxe2 15. Ndxe2 c6 16. h3 Qe7 17. Nd4 Ned7 18. Ra1 Nb6 19. Rxa8 Rxa8 20. Rc1 Rd8 21. Na4 Nxa4 22. Qxa4 1/2-1/2

[Event "Grand Prix Moscow 2019"]
[Site "Moscow"]
[Date "2019.05.25"]
[Round "3.3"]
[White "Wojtaszek, Radoslaw"]
[Black "Nepomniachtchi, Ian"]
[Result "1/2-1/2"]
[WhiteElo "2724"]
[BlackElo "2773"]
[Annotator "TA"]
[PlyCount "81"]
[EventDate "2019.05.17"]
[EventType "k.o."]
[EventCountry "RUS"]
[SourceTitle "playchess.com"]
[Source "ChessBase"]
[SourceQuality "1"]

{[%evp 18,81,28,27,37,35,48,47,41,45,65,51,53,54,52,52,54,59,53,51,59,58,72,65,122,122,115,93,152,153,128,24,27,31,35,27,87,90,93,92,105,99,105,118,115,46,118,50,79,52,52,52,52,57,52,8,99,119,108,37,37,33,33,33,33,18]} 1. d4 Nf6 2. Nf3 g6 3. e3 Bg7 4. Be2 O-O 5. O-O d6 6. b3 e5 7. dxe5 Ng4 8. Bb2 Nc6 9. c4 Ngxe5 10. Nc3 Re8 {E60: King's Indian: Unusual lines and Fianchetto Variation without Nc3} 11. Qd2 Bg4 {Black wants to play ...Nxf3+.} (11... Nxf3+ 12. Bxf3 Ne5 13. Be2 Be6 14. Rac1 Nd7 15. Bf3 Rb8 16. Rfd1 a6 17. Ne4 Bxb2 18. Qxb2 {½-½ (44) Grischuk,A (2766)-Vachier Lagrave,M (2789) Paris 2018}) 12. Nxe5 Nxe5 13. f3 Be6 14. e4 Nc6 $146 ({Predecessor:} 14... g5 15. Rad1 Ng6 16. Rf2 Be5 17. Nb5 Qe7 18. g3 a6 19. Nd4 Qf6 20. Nxe6 Rxe6 {½-½ (29) Lioe,D (2357)-Priasmoro,N (2309) Fano 2016}) 15. Nd5 Bxb2 16. Qxb2 {Hoping for Nf6+.} Bxd5 17. cxd5 Ne5 18. Rac1 c5 19. dxc6 bxc6 20. Rfd1 Qe7 (20... d5 $14) 21. f4 $16 Nd7 22. Bf3 Nc5 (22... d5 $142) 23. e5 $1 dxe5 24. Qxe5 (24. Bxc6 $16 e4 25. Qa3 (25. Bxa8 Nd3 $14)) 24... Qxe5 $11 25. fxe5 Rxe5 26. Bxc6 Rb8 (26... Rc8 $11) 27. Rd5 $16 Rxd5 28. Bxd5 {[%mdl 4096] Endgame KRB-KRN} Na6 29. a3 Rd8 30. Bb7 Nb8 {[#]} 31. b4 ({Better is} 31. Bf3 $1 $16) 31... Kg7 (31... Nd7 $14) 32. Kf2 (32. Bf3 $16) 32... Rd3 33. Rc7 Rxa3 34. Bd5 Rd3 35. Rxf7+ Kh6 $1 36. Bc4 Rd2+ {[#]} (36... Rd7 $11 {remains equal.}) 37. Ke3 $1 {[%cal Re3d2]} Rxg2 38. b5 (38. Rxa7 $16 {Threatens to win with b5.} Nc6 39. Bd5 Nxa7 40. Bxg2) 38... a6 $1 $14 {White is slightly better.} 39. bxa6 Nxa6 40. Bxa6 Rxh2 41. Ke4 {Accuracy: White = 53%, Black = 44%.} 1/2-1/2

[Event "Grand Prix Moscow 2019"]
[Site "Moscow"]
[Date "2019.05.25"]
[Round "3.4"]
[White "Nepomniachtchi, Ian"]
[Black "Wojtaszek, Radoslaw"]
[Result "1/2-1/2"]
[WhiteElo "2773"]
[BlackElo "2724"]
[Annotator "TA"]
[PlyCount "73"]
[EventDate "2019.05.17"]
[EventType "k.o."]
[EventCountry "RUS"]
[SourceTitle "playchess.com"]
[Source "ChessBase"]
[SourceQuality "1"]

{[%evp 13,73,14,17,17,18,21,15,19,21,15,14,20,16,14,29,18,5,29,10,0,0,0,8,9,2,0,0,0,0,0,0,0,0,0,0,0,0,0,0,-80,-90,-91,-76,-92,0,0,0,0,0,0,0,0,0,0,0,0,0,0,0,0,0,0]} 1. e4 c5 2. Nf3 d6 3. Bb5+ Nd7 4. d4 cxd4 5. Qxd4 a6 6. Bxd7+ Bxd7 7. Nc3 e5 8. Qd3 {B51: Sicilian: Moscow Variation (3 Bb5+) without 3...Bd7} Rc8 9. O-O h6 10. Nd2 Qc7 (10... Be6 11. Rd1 Nf6 12. Nf1 Bc4 13. Qf3 Bxf1 14. Kxf1 Be7 15. Qd3 Rc6 {½-½ (30) Ni,H (2674)-Fedoseev,V (2702) China 2019}) 11. h3 Nf6 12. a4 Be7 13. Rd1 O-O 14. Nf1 Be6 15. Ne3 Qc5 16. Qe2 $146 ({Predecessor:} 16. a5) 16... Bd8 17. Qf3 b5 18. axb5 axb5 19. Ne2 Bb6 20. Ng3 Ra8 21. Rxa8 Rxa8 22. c3 Ra1 23. Nef5 Ne8 24. Be3 Rxd1+ 25. Qxd1 Qc7 26. Bxh6 (26. Qd3 $11 {keeps the balance.} Bxe3 27. Nxe3 (27. Qxe3 Kh7 $11)) 26... gxh6 $17 27. Qg4+ Kf8 28. Qh4 f6 (28... Qd8 $17 {Strongly threatening ...Qxh4.} 29. Qxh6+ Kg8) 29. Qxh6+ $11 {The position is equal.} Kg8 30. Qg6+ Kf8 31. Qh5 Qf7 {[#] White must now prevent ...Qxh5.} 32. Qh8+ Qg8 33. Qh6+ Kf7 {next ...Qg6 is good for Black.} 34. Qh5+ Kf8 35. Qh6+ Kf7 {Threatening ...Qg6.} 36. Qh5+ Kf8 37. Qh6+ {Accuracy: White = 81%, Black = 77%.} 1/2-1/2

[Event "Grand Prix Moscow 2019"]
[Site "Moscow"]
[Date "2019.05.25"]
[Round "3.5"]
[White "Wojtaszek, Radoslaw"]
[Black "Nepomniachtchi, Ian"]
[Result "1/2-1/2"]
[WhiteElo "2724"]
[BlackElo "2773"]
[Annotator "TA"]
[PlyCount "80"]
[EventDate "2019.05.17"]
[EventType "k.o."]
[EventCountry "RUS"]
[SourceTitle "playchess.com"]
[Source "ChessBase"]
[SourceQuality "1"]

{[%evp 15,80,0,0,-8,0,0,0,0,0,0,0,0,0,0,0,0,0,0,0,-16,0,0,0,0,0,0,0,0,14,12,9,14,23,23,27,23,25,20,35,46,49,24,34,-6,0,0,16,19,22,8,8,8,13,12,12,12,12,9,98,97,92,71,71,8,8,8,8]} 1. d4 Nf6 2. c4 g6 3. Nf3 Bg7 4. g3 O-O 5. Bg2 c6 6. O-O d5 7. Qb3 Qb6 8. Nc3 Rd8 9. Na4 {D78: Fianchetto Grünfeld: 6 0-0 c6} (9. Bd2 dxc4 10. Qxc4 Be6 11. Qa4 Bf5 12. Rfe1 Ne4 13. Nxe4 Bxe4 14. Ba5 Qa6 15. Qa3 Re8 16. Bf1 c5 17. dxc5 Bxb2 {½-½ (17) Ding,L (2813)-Nepomniachtchi,I (2763) Wijk aan Zee 2019}) 9... Qxb3 10. axb3 {[#] Hoping for Nb6!} Na6 11. Nc3 $146 ({Predecessor:} 11. Bf4 Ne8 12. Nc3 {½-½ (29) Mrkvicka,J (2475)-Verhoef,H (2443) ICCF email 2016}) 11... Nc7 12. Bf4 Nfe8 13. Rfc1 Ne6 14. cxd5 Nxf4 15. gxf4 cxd5 16. Ne5 e6 17. Nb5 Bd7 18. Nxa7 Nd6 19. e3 Be8 20. Bf1 h6 21. b4 g5 22. fxg5 hxg5 23. b5 f6 24. Nd3 e5 25. Nc5 {aiming for dxe5.} Bf7 26. b6 exd4 27. exd4 f5 28. Ra4 Nc4 29. Bxc4 (29. Nc6 {is more complex.} bxc6 30. Rxa8 Rxa8 31. b7 Re8 32. Nd7) 29... dxc4 30. Nxb7 Rdb8 31. Nd6 {Threatens to win with b7.} Rxb6 32. Nxf7 Kxf7 33. Rcxc4 Rxb2 34. Rc7+ Kg8 35. Rc8+ Rxc8 36. Nxc8 {White wants to play Ne7+.} Kf7 (36... Rb5 $11) 37. Ra7+ $16 Kf8 {[#]} 38. Nd6 $1 f4 39. Kg2 (39. h3 $16) 39... Rxf2+ $1 $11 {[%mdl 64] Decoy} 40. Kxf2 Bxd4+ {[%mdl 64] Double Attack. Accuracy: White = 73%, Black = 64%.} 1/2-1/2

[Event "Grand Prix Moscow 2019"]
[Site "Moscow"]
[Date "2019.05.25"]
[Round "3.6"]
[White "Nepomniachtchi, Ian"]
[Black "Wojtaszek, Radoslaw"]
[Result "1-0"]
[WhiteElo "2773"]
[BlackElo "2724"]
[Annotator "TA"]
[PlyCount "55"]
[EventDate "2019.05.17"]
[EventType "k.o."]
[EventCountry "RUS"]
[SourceTitle "playchess.com"]
[Source "ChessBase"]
[SourceQuality "1"]

{[%evp 13,55,9,1,3,18,12,17,16,18,4,15,15,26,14,14,12,9,12,17,0,0,0,0,0,332,348,413,391,441,436,472,486,616,602,615,581,549,444,444,444,436,436,436,436]} 1. e4 c5 2. Nf3 d6 3. Bb5+ Nd7 4. d4 cxd4 5. Qxd4 a6 6. Bxd7+ Bxd7 7. Nc3 e5 8. Qd3 {B51: Sicilian: Moscow Variation (3 Bb5+) without 3...Bd7} Rc8 9. O-O h6 10. Nd2 {The position is equal.} Qc7 (10... Be6 11. Rd1 Nf6 12. Nf1 Bc4 13. Qf3 Bxf1 14. Kxf1 Be7 15. Qd3 Rc6 {½-½ (30) Ni,H (2674)-Fedoseev,V (2702) China 2019}) 11. h3 Nf6 12. a4 Be7 13. Rd1 O-O 14. Nf1 d5 $146 ({Predecessor:} 14... Be6 15. Ne3 Qc5 16. a5 {1-0 (80) Kratochvil,V (2270)-Cuccumini,V (2225) ICCF email 2014}) 15. exd5 {[#] Black must now prevent d6.} Ne8 16. d6 Bxd6 ({Don't blunder} 16... Nxd6 $2 17. Nd5 $18) 17. Nd5 $36 {[%mdl 2048] White is more active.} Qc6 ({Don't play} 17... Qxc2 $6 18. Qxc2 Rxc2 19. Nc3 $16) 18. Nfe3 Bc5 $2 {[%mdl 8192]} (18... f5 $11) 19. b4 $18 Bd6 20. c4 b6 21. a5 {[%cal Ba4a5,Ba5b6][%mdl 32] White is clearly winning.} e4 22. Qd4 Be6 23. axb6 Bxd5 24. Qxd5 Qxd5 25. Rxd5 Bxb4 26. Rxa6 Nd6 {[#]} 27. b7 $1 {[%mdl 576] Decoy} Nxb7 28. Rb6 $1 {[%csl LRb4,LRb7][%mdl 64] Double Attack. Accuracy: White = 89%, Black = 50%.} 1-0